000 00303 a2200133 4500
001 154049
040 _cEscola São Tomás de Aquino
100 _aGABRIEL, Paulo
240 1 0 _aNesta noite eu conspiro
_lpor
245 1 0 _aNesta noite eu conspiro
362 0 _a2004
697 _aPoesia
942 _cBK
999 _c154049
_d154049